Normal view
MARC view
- MICROELECTRONIC DATABOOK ACC NO-30774
Entry Topical Term
001 - CONTROL NUMBER
- control field: 74145
003 - CONTROL NUMBER IDENTIFIER
- control field: NUST
005 - DATE AND TIME OF LATEST TRANSACTION
- control field: 20210628205137.0
008 - FIXED-LENGTH DATA ELEMENTS
- fixed length control field: 210628|| aca||aabn | a|a d
040 ## - CATALOGING SOURCE
- Original cataloging agency: NUST
- Transcribing agency: NUST
150 ## - HEADING--TOPICAL TERM
- Topical term or geographic name entry element: MICROELECTRONIC DATABOOK ACC NO-30774
670 ## - SOURCE DATA FOUND
- Source citation: Work cat.: (NUST): Microelectronics digital analog communication handbook, 1993
